Essentials of marketing (Record no. 2711)

MARC details
000 -LEADER
fixed length control field 00545nam a22002057a 4500
003 - CONTROL NUMBER IDENTIFIER
control field URS
005 - DATE AND TIME OF LATEST TRANSACTION
control field 20220114142240.0
008 - FIXED-LENGTH DATA ELEMENTS--GENERAL INFORMATION
fixed length control field 200109s2001 |||| |||| 00| 0 eng d
020 ## - INTERNATIONAL STANDARD BOOK NUMBER
International Standard Book Number 9812403132
040 ## - CATALOGING SOURCE
Transcribing agency URS
Language of cataloging eng
Modifying agency rda
050 14 - LIBRARY OF CONGRESS CALL NUMBER
Classification number HF 5415
Item number .L2181 2001
100 ## - MAIN ENTRY--PERSONAL NAME
Personal name Lamb, Charles Jr W.
245 10 - TITLE STATEMENT
Title Essentials of marketing
Statement of responsibility, etc. Charles Lamb Jr.
250 ## - EDITION STATEMENT
Edition statement Second Edition.
260 ## - PUBLICATION, DISTRIBUTION, ETC.
Place of publication, distribution, etc. Australia:
Name of publisher, distributor, etc. Thomson Learning;
Date of publication, distribution, etc. [2001]
300 ## - PHYSICAL DESCRIPTION
Extent x,579 pages:
Dimensions 25 cm.
504 ## - BIBLIOGRAPHY, ETC. NOTE
Bibliography, etc. note Includes index.
650 ## - SUBJECT ADDED ENTRY--TOPICAL TERM
Topical term or geographic name entry element Marketing
942 ## - ADDED ENTRY ELEMENTS (KOHA)
Source of classification or shelving scheme Library of Congress Classification
Koha item type Foreign Books
Holdings
Withdrawn status Source of classification or shelving scheme Damaged status Not for loan Collection code Home library Current library Shelving location Date acquired Total Checkouts Full call number Barcode Date last seen Price effective from Koha item type
  Library of Congress Classification       Angono College Library Angono College Library Foreign Section 03/25/2026   HF5415 .L165 2001 URSANG-6180 03/25/2026 03/25/2026 Foreign Books
  Library of Congress Classification     Non-fiction Cainta College Library Cainta College Library On Display 05/24/2016   HF5415.L2181 2001 URSCAI-2968 05/24/2016 05/24/2016 Foreign Books

University of Rizal System
Email us at univlibservices@urs.edu.ph

Visit our Website www.urs.edu.ph/library